Post-crisis growth in developing countries a special report of the Commission On Growth And Development on the implications of the 2008 financial crisis /

Bibliographic Details
Corporate Authors: Commission on Growth and Development., World Bank., ProQuest (Firm)
Format: Electronic eBook
Language:English
Published: Washington, D.C. : World Bank, c2010.
Subjects:
Online Access:Click to View
LEADER 01630nam a2200397Ia 4500
001 EBC476176
003 MiAaPQ
005 20200520144314.0
006 m o d |
007 cr cn|||||||||
008 100129s2010 dcua sb 000 0 eng d
010 |z  2009054249 
020 |z 9780821381656 
020 |a 9780821381663 (electronic bk.) 
035 |a (MiAaPQ)EBC476176 
035 |a (Au-PeEL)EBL476176 
035 |a (CaPaEBR)ebr10364106 
035 |a (CaONFJC)MIL246130 
035 |a (OCoLC)592756201 
040 |a MiAaPQ  |c MiAaPQ  |d MiAaPQ 
050 4 |a HC59.7  |b .C597 2010 
082 0 4 |a 338.9009172/4  |2 22 
110 2 |a Commission on Growth and Development. 
245 1 0 |a Post-crisis growth in developing countries  |h [electronic resource] :  |b a special report of the Commission On Growth And Development on the implications of the 2008 financial crisis /  |c Commission On Growth And Development. 
260 |a Washington, D.C. :  |b World Bank,  |c c2010. 
300 |a xvii, 76 p. :  |b ill. 
504 |a Includes bibliographical references. 
533 |a Electronic reproduction. Ann Arbor, MI : ProQuest, 2015. Available via World Wide Web. Access may be limited to ProQuest affiliated libraries. 
650 0 |a Economic development  |z Developing countries. 
650 0 |a Financial crises  |z Developing countries. 
650 0 |a Global Financial Crisis, 2008-2009. 
651 0 |a Developing countries  |x Economic conditions  |y 21st century. 
655 4 |a Electronic books. 
710 2 |a World Bank. 
710 2 |a ProQuest (Firm) 
856 4 0 |u https://ebookcentral.proquest.com/lib/matrademy/detail.action?docID=476176  |z Click to View